Konjunkturní situace v islámských zemích Blízkeho východu.
Analýza hospodárskeho rozvoja v Iraku, Iráne, Saudskej Arábii a Kuvajte. Všeobecná konjunktúrna a hospodárska charakteristika. Energetické suroviny a energetika. Významnejšie odvetvia spracovateľského priemyslu. Obchodné styky s bývalou ČSFR. Ponuka, dopyt a kontakty.
Salvato in:
| Natura: | Capitolo di libro |
|---|---|
| Lingua: | ceco |
| Soggetti: | |
| Tags: |
Nessun Tag, puoi essere il primo ad aggiungerne!!
|
MARC
| LEADER | 00000naa a2200000 4500 | ||
|---|---|---|---|
| 001 | r013657 | ||
| 005 | 20221205080044.8 | ||
| 041 | 0 | |a cze | |
| 044 | |a CZ | ||
| 245 | 1 | 0 | |a Konjunkturní situace v islámských zemích Blízkeho východu. |
| 520 | |a Analýza hospodárskeho rozvoja v Iraku, Iráne, Saudskej Arábii a Kuvajte. Všeobecná konjunktúrna a hospodárska charakteristika. Energetické suroviny a energetika. Významnejšie odvetvia spracovateľského priemyslu. Obchodné styky s bývalou ČSFR. Ponuka, dopyt a kontakty. | ||
| 610 | 2 | 0 | |a rozvoj hospodársky |
| 610 | 2 | 0 | |a hospodárstvo národné |
| 610 | 2 | 0 | |a konjunktúra hospodárska |
| 610 | 2 | 0 | |a Irak |
| 610 | 2 | 0 | |a Irán |
| 610 | 2 | 0 | |a Saudská Arábia |
| 610 | 2 | 0 | |a Kuvajt |
| 610 | 2 | 0 | |a energetika |
| 610 | 2 | 0 | |a priemysel spracovateľský |
| 610 | 2 | 0 | |a obchod zahraničný |
| 610 | 2 | 0 | |a ČSFR |